Countries That Have Controlled the United States - Statistics

General Stats
  • This quiz has been taken 51 times
  • The average score is 12 of 17
Answer Stats
Years Country Areas Controlled % Correct
1784-1867 Russia Alaska
100%
1508-1899 Spain Florida, Puerto Rico, Southwest...
100%
1607-1846 United Kingdom East
100%
1564-1804 France Midwest
98%
1821-1854 Mexico Southwest
98%
1899-1914 Germany Northern Mariana Islands
90%
1914-1945 Japan Northern Mariana Islands, Guam
90%
1614-1674 Netherlands Northeast
88%
1672-1917 Denmark U.S. Virgin Islands
71%
1861-1865 Confederate States South
66%
1638-1655 Sweden New Jersey, Pennsylvania, Maryland
63%
1836-1845 Texas -
61%
1776- United States -
54%
1777-1791 Vermont -
51%
1846 California -
46%
1843-1898 Hawaii -
41%
1651-1665 Knights Hospitaller Saint Croix
10%
No matching quizzes found
Score Distribution
Percent of People with Each Score
Percentile by Number Answered
Your Score History
You have not taken this quiz